| 000 | 00686nam a2200253Ia 4500 | ||
|---|---|---|---|
| 008 | 160803s9999 xx 000 0 und d | ||
| 020 | _a9780545288859 | ||
| 100 | _aRebecca, Adrian | ||
| 245 | _aThere was an old monster / | ||
| 245 | _cRebecca, Adrian & Ed Emberley. | ||
| 260 | _aNew York : | ||
| 260 | _bScholastic Inc. | ||
| 260 | _c2009 | ||
| 300 | _a28 unnumbered pages : | ||
| 300 | _bcolor illustrations ; | ||
| 300 | _c28 cm | ||
| 500 | _aOriginally published: New York : Orchard Books, c2009. | ||
| 650 | _aFolk songs -- | ||
| 650 | _aFolk songs, English -- | ||
| 650 | _aNonsense verses. | ||
| 650 | _xEngland. | ||
| 650 | _xTexts. | ||
| 700 | _a670 | ||
| 999 |
_c299508 _d299508 |
||